| 000 | 01077cam a22003377a 4500 | ||
|---|---|---|---|
| 003 | CHAP | ||
| 005 | 20220329134248.0 | ||
| 008 | 971013s1965 r 00010 d | ||
| 010 | _a17791 | ||
| 011 | _a18763 | ||
| 035 | _a22848 | ||
| 040 | _cCHAP | ||
| 082 |
_a581.38 _bH88 |
||
| 100 | 0 | 0 |
_aHutchinson, Joseph _eed. _957031 |
| 245 | 0 | _aEssays on crop plant evolution | |
| 260 |
_aCambridge : _bUniversity Press, _c1965 |
||
| 300 |
_a204 p. _b: ilus. |
||
| 504 | _aBibliografía, p. 182-194 | ||
| 590 |
_aBATCH-UPD _b10 _c20130110 _lUCH01 _h1814 |
||
| 590 |
_aBATCH-UPD _b10 _c20130410 _lUCH01 _h1149 |
||
| 590 |
_aBATCH-UPD _b10 _c20130914 _lUCH01 _h1117 |
||
| 590 |
_aCONVERSION _b10 _c20130109 _lUCH01 _h1311 |
||
| 650 | 1 | 4 |
_aCultivos. _930221 |
| 650 | 1 | 4 |
_aEvolución (Plantas) _939010 |
| 700 | 0 |
_aDodds, Kenneth S. _eed. _933306 |
|
| 700 | 0 |
_aMangelsdorf, Paul C. _eed. _970390 |
|
| 901 | _aBK | ||
| 942 | _cLIBRO | ||
| 949 |
_a581.38 H88 _bBC _cLIBRO _d33724000540530 _eLIBRO _fc.2 _h17123 _i22848 _si |
||
| 949 |
_a581.38 H88 _bBC _cLIBRO _d33724000636007 _eLIBRO _h26773 _i22848 _si |
||
| 999 |
_c17791 _d17791 |
||